000
00345nam a2200145Ia 4500
100
_a
Gupta
650
_a
Chemistry
942
_c
BK
654
_a
555 questions & answers w/shop cal & sci
245
_a
555 Questions & Answers W/Shop Cal & Sci
260
_b
New Heights
_a
New Delhi
300
_a
122
546
_a
HINDI
999
_c
30889
_d
30889